Štruktúra zdrojového zabezpečenia

Z hľadiska dlhodobej stabilnej finančnej politiky podniku, ako aj úspešného rastu jeho výkonnosti je potrebné zabezpečiť pokrytie podnikových potrieb zdrojmi vo vhodnej štruktúre. Závislosť optimálnej štruktúry zdrojov od mnohých faktorov. Analýza zdrojov financovania. Peňažné zdroje. Optimalizácia...

Ausführliche Beschreibung

Gespeichert in:
Bibliographische Detailangaben
1. Verfasser: Matušovič, Martin
Format: Buchkapitel
Sprache:Slowakisch
Schlagworte:
Tags: Tag hinzufügen
Keine Tags, Fügen Sie das erste Tag hinzu!

MARC

LEADER 00000naa$a2200000$$$4500
001 0015760
005 20240502071402.5
041 0 |a slo 
044 |a SK 
245 1 0 |a Štruktúra zdrojového zabezpečenia  |c Martin Matušovič 
520 |a Z hľadiska dlhodobej stabilnej finančnej politiky podniku, ako aj úspešného rastu jeho výkonnosti je potrebné zabezpečiť pokrytie podnikových potrieb zdrojmi vo vhodnej štruktúre. Závislosť optimálnej štruktúry zdrojov od mnohých faktorov. Analýza zdrojov financovania. Peňažné zdroje. Optimalizácia štruktúry cudzích zdrojov financovania. Úver. Lízing. Ostatné zdroje. 
610 2 0 |a podnikanie 
610 2 0 |a politika finančná 
610 2 0 |a zdroje finančné 
610 2 0 |a optimalizácia 
610 2 0 |a prostriedky peňažné 
610 2 0 |a zdroje finančné cudzie 
610 2 0 |a úver bankový 
610 2 0 |a lízing 
100 1 |a Matušovič, Martin